000 00672nam a2200289Ia 4500
005 20260324111426.0
008 008 260324s9999 xx 000 0 eng d
020 _a9781003515777
037 _aEBOOK
040 _aCRL
040 _beng
040 _cCRL
041 _2eng
041 _aeng
084 _qCRL
100 _aJan Campbell
_91138506
245 0 _aVarieties of Hope
245 0 _bStories of Sexuality, Shame and Power
260 _bTaylor and Francis
260 _c2025
365 _a
365 _b220
856 _uhttp://www.taylorfrancis.com/books/9781003515777
942 _cEBOOK
999 _c1727325
_d1727325